Sports Quiz

Random Sports or Auto Racing Quiz

NASCAR Winners at Talladega Quiz Stats

 Plays Quiz Updated Oct 27, 2020

Support Sporcle.
Go Orange.
Score 0/103 Timer 10:00
0 Plays Today
Year Driver % Correct
October 2001Dale Earnhardt Jr.
93.4%
April 2002Dale Earnhardt Jr.
93.4%
October 2002Dale Earnhardt Jr.
93.4%
April 2003Dale Earnhardt Jr.
93.4%
October 2004 Dale Earnhardt Jr.
93.4%
July 1983Dale Earnhardt Sr.
93.1%
July 1984Dale Earnhardt Sr.
93.1%
July 1990Dale Earnhardt Sr.
93.1%
May 1990Dale Earnhardt Sr.
93.1%
July 1991Dale Earnhardt Sr.
93.1%
July 1993Dale Earnhardt Sr.
93.1%
May 1994Dale Earnhardt Sr.
93.1%
April 1999Dale Earnhardt Sr.
93.1%
October 1999Dale Earnhardt Sr.
93.1%
October 2000Dale Earnhardt Sr.
93.1%
May 2015Dale Earnhardt Jr.
92.4%
July 1996Jeff Gordon
88.9%
April 2000Jeff Gordon
88.9%
April 2004Jeff Gordon
88.9%
May 2005Jeff Gordon
88.9%
April 2007Jeff Gordon
88.9%
October 2007Jeff Gordon
88.9%
May 2006Jimmie Johnson
88.9%
April 2011Jimmie Johnson
88.6%
August 1974Richard Petty
85.6%
May 1983Richard Petty
85.6%
October 2020Denny Hamlin
79.8%
April 2019Chase Elliott
77.8%
October 2008Tony Stewart
75.6%
April 2008Kyle Busch
75.5%
September 2003Michael Waltrip
73%
May 1977Darrell Waltrip
72.9%
August 1979Darrell Waltrip
72.9%
May 1982Darrell Waltrip
72.9%
August 1982Darrell Waltrip
72.9%
Year Driver % Correct
April 2018Joey Logano
71.6%
October 2017Brad Keselowski
69.2%
October 2016Joey Logano
68%
August 1971Bobby Allison
66.1%
May 1981Bobby Allison
66.1%
May 1986Bobby Allison
66.1%
May 1979Bobby Allison
66.1%
May 1987Davey Allison
65.9%
May 1989Davey Allison
65.9%
May 1992Davey Allison
65.9%
June 2020Ryan Blaney
65.1%
May 1971Donnie Allison
65%
August 1977Donnie Allison
65%
October 2015Joey Logano
64.7%
October 2014Brad Keselowski
64.4%
April 2010Kevin Harvick
64.2%
May 2016Brad Keselowski
64.1%
April 2009Brad Keselowski
63.2%
May 1995Mark Martin
62.6%
May 1997Mark Martin
62.6%
May 2012Brad Keselowski
62.5%
July 1987Bill Elliott
62.2%
May 1985Bill Elliott
62.2%
October 2012Matt Kenseth
61.8%
May 1978Cale Yarborough
61.4%
May 1984Cale Yarborough
61.4%
July 1985Cale Yarborough
61.4%
October 2019Ryan Blaney
60.9%
April 1998Bobby Labonte
60.1%
July 1989Terry Labonte
60.1%
October 1997Terry Labonte
60.1%
October 1998Dale Jarrett
58.9%
October 2005 Dale Jarrett
58.9%
May 2014Denny Hamlin
56.3%
May 1972David Pearson
52.2%
Year Driver % Correct
May 1973David Pearson
52.2%
May 1974David Pearson
52.2%
May 2017Ricky Stenhouse Jr.
50.7%
July 1995Sterling Marlin
48.8%
April 1996Sterling Marlin
48.8%
November 2009Jamie McMurray
48.3%
October 2013Jamie McMurray
47.2%
October 2018Aric Almirola
46.2%
October 2010Clint Bowyer
43.4%
October 2011Clint Bowyer
43.4%
May 1975Buddy Baker
41%
August 1975Buddy Baker
41%
May 1976Buddy Baker
41%
May 1980Buddy Baker
41%
May 1988Phil Parsons
40.5%
May 2013David Ragan
40.4%
October 2006Brian Vickers
38.3%
April 2001Bobby Hamilton
37.9%
July 1992Ernie Irvan
37.5%
May 1993Ernie Irvan
37.5%
April 1970Pete Hamilton
37.3%
August 1970Pete Hamilton
37.3%
May 1991Harry Gant
32%
July 1988Ken Schrader
29.3%
July 1994Jimmy Spencer
28.4%
August 1980Neil Bonnett
26.8%
July 1986Bobby Hillin Jr.
24.9%
September 1969Richard Brickhouse
24.2%
August 1981Ron Bouchard
21.4%
August 1976Dave Marcis
19.8%
August 1978Lennie Pond
16.4%
August 1973Dick Brooks
15.3%
August 1972James Hylton
13.9%

You're not logged in!

Compare scores with friends on all Sporcle quizzes.
OR
Log In

From the Vault

Monopoly Pieces

by Derek

When we were young, we lost most of the pieces for Monopoly, so we ended up using household items. We'd crush our friends with the mighty paper clip!
Remove Ads.
Support Sporcle.
Get the best of Sporcle when you Go Orange. This ad-free experience offers more features, more stats, and more fun while also helping to support Sporcle. Thank you for becoming a member.

Show Comments

Extras

Top Quizzes Today


Score Distribution

Your Account Isn't Verified!

In order to create a playlist on Sporcle, you need to verify the email address you used during registration. Go to your Sporcle Settings to finish the process.

Report this User

Report this user for behavior that violates our Community Guidelines.

Details: